LEADER 02233nam0 22005413i 450 001 RAV0063201 005 20251003044321.0 010 $a880201941X 020 $aIT$b729195 100 $a19890908d1972 ||||0itac50 ba 101 | $aita$ceng 102 $ait 105 $a|||| |||y| 181 1$6z01$ai $bxxxe 182 1$6z01$an 183 1$6z01$anc$2RDAcarrier 200 1 $aPrincipi di economia$fdi Alfred Marshall$ga cura di Alberto Campolongo 210 $aTorino$cUTET$d1972 215 $a1182 p., [4] carte di tav.$cill.$d24 cm 225 | $aClassici dell'economia$v3 410 0$1001CFI0032792$12001 $aClassici dell'economia$v3 500 10$aPrinciples of economics.$3RAV0063206$9RAVV030763$929771 606 $aEconomia$2FIR$3CFIC000524$9E 676 $a330$9SCIENZE ECONOMICHE$v20 676 $a330$9ECONOMIA$v21 676 $a330.01$9ECONOMIA. FILOSOFIA E TEORIA$v21 676 $a330.01$9ECONOMIA. FILOSOFIA E TEORIA$v22 676 $a330.1$9ECONOMIA. SISTEMI, SCUOLE, TEORIE$v21 676 $a330.15$9$v12 676 $a330.157$9$v19 696 $aEconomia reale$aAttivitą economiche$aAspetti economici 699 $aEconomia$yEconomia reale 699 $aEconomia$zAttivitą economiche 699 $aEconomia$zAspetti economici 700 1$aMarshall$b, Alfred$3RAVV030763$4070$05270 702 1$aCampolongo$b, Alberto$3RAVV030764$4340 801 3$aIT$bIT-000000$c19890908 850 $aIT-BN0095 $aIT-NA0537 $aIT-AV0001 $aIT-AV0003 $aIT-AV0007 $aIT-NA0070 $aIT-NA0075 $aIT-BN0015 901 $bNAP BU$c4 B $nPropedeutica. Formato cm. 20,1-28. 901 $bNAP AL$cCARUSO $n$ 901 $bNAP AV$cSEZ. M $nSezione Moderna 901 $bNAP 68$cSC. SOC. $n$ 901 $bNAP AR$cP. CICCONE$nDONAZIONE 912 $aRAV0063201 950 0$aBiblioteca Centralizzata di Ateneo$c15 v. (alcuni in pił tomi)$d 01COLL. ITA CLADE$e 01AR 0070034035 VMA (0006.1 1 v. (Rist. 1987)$fB $h20250512$i20250512 977 $a 01$a 68$a AL$a AR$a AV$a BU$a GE$a PB 996 $aPrinciples of economics$929771 997 $aUNISANNIO